| 000 | 00704nam a2200193Ia 4500 | ||
|---|---|---|---|
| 003 | GCL | ||
| 008 | 140319s9999 xx 000 0 ara d | ||
| 040 |
_aGCL / _cGCL |
||
| 082 | 0 | 4 |
_a020.3 _bم م |
| 100 | 1 | _aمفتاح محمد دياب | |
| 245 | 1 | 0 |
_aمعجم مصطلحات نظم وتكنولوجيا المعلومات والاتصالات : انجليزى - عربى / _cمفتاح محمد دياب |
| 300 | _a211 ص | ||
| 490 |
_aالهيئة العامة للاستعلامات _v0 |
||
| 650 | 0 | 4 | _aالحاسبات الالكترونية |
| 650 | 0 | 4 | _aالمعاجم |
| 650 | 0 | 4 | _aنظم المعلومات |
| 650 | 0 | 4 | _aشبكات المكتبات والمعلومات |
| 942 |
_2ddc _cBK |
||
| 999 |
_c49436 _d49436 |
||